000 00680nam a2200205 i 4500
001 39186
003 ES-MaACL
005 20230906155915.0
007 t|
008 030227s1969 sp a |||| | spa d
080 _a159.923.072
100 1 _aCalle, Ramiro A.
_933700
245 1 4 _aLos tests para el conocimiento de sí mismo y de los demás /
_cRamiro A. Calle ; ilustraciones de José Manuel Muñoz.
260 _aBarcelona :
_bCedel ;
_aTortosa :
_bDertosense,
_c1969.
300 _a277 p. :
_bil. ;
_c16 cm.
650 _aTests de personalidad.
_9160521
650 _aTests psicológicos.
_9147498
700 1 _aMuñoz, José Manuel.
_984319
852 _aES-MaACL
_jC-53605
999 _c39186
_d39186